Klikkaa väriä, älä sanaa - Statistics

Yleistilastot
  • Tätä visaa on pelattu 4 179 kertaa
  • Keskiarvotulos 31 / 49
Vastaustilastot
Hint Vastaus % Oikein
PUNAINEN PUNAINEN
68%
KELTAINEN KELTAINEN
68%
ORANSSI ORANSSI
68%
VIHREÄ VIHREÄ
68%
VIOLETTI VIOLETTI
68%
VALKOINEN VALKOINEN
68%
SININEN SININEN
67%
VALKOINEN PUNAINEN
65%
PUNAINEN KELTAINEN
65%
SININEN PUNAINEN
64%
VIHREÄ KELTAINEN
64%
VIHREÄ ORANSSI
64%
PUNAINEN VIHREÄ
64%
KELTAINEN VIHREÄ
64%
ORANSSI SININEN
64%
KELTAINEN VIOLETTI
64%
ORANSSI VIOLETTI
64%
SININEN VIOLETTI
64%
KELTAINEN PUNAINEN
63%
ORANSSI PUNAINEN
63%
VIHREÄ PUNAINEN
63%
VIOLETTI PUNAINEN
63%
ORANSSI KELTAINEN
63%
VIOLETTI KELTAINEN
63%
VALKOINEN KELTAINEN
63%
PUNAINEN ORANSSI
63%
KELTAINEN ORANSSI
63%
SININEN ORANSSI
63%
VALKOINEN ORANSSI
63%
ORANSSI VIHREÄ
63%
VIOLETTI VIHREÄ
63%
PUNAINEN SININEN
63%
VIOLETTI SININEN
63%
VALKOINEN SININEN
63%
PUNAINEN VIOLETTI
63%
PUNAINEN VALKOINEN
63%
ORANSSI VALKOINEN
63%
VIHREÄ VALKOINEN
63%
SININEN VALKOINEN
63%
VIOLETTI VALKOINEN
63%
SININEN KELTAINEN
62%
VIOLETTI ORANSSI
62%
VALKOINEN VIHREÄ
62%
KELTAINEN SININEN
62%
VIHREÄ SININEN
62%
VIHREÄ VIOLETTI
62%
VALKOINEN VIOLETTI
62%
KELTAINEN VALKOINEN
62%
SININEN VIHREÄ
61%
Ehtoja vastaavia visoja ei löytynyt
Tulosjakauma
Jokaisen tuloksen saaneiden osuus
Persentiili vastausten määrän mukaan
Tuloshistoriasi
Et ole pelannut tätä visaa